000 00345nam a2200133Ia 4500
008 231217s9999 xx 000 0 und d
041 _aEnglish
082 _a001.6424 MAR
100 _aMartin, John C
245 0 _aIntroduction to languages and the theory of computation
260 _c1991
_bMcGraw-Hill,
300 _axvi+464
942 _cAA
999 _c163895
_d163895